000 00586nam a2200229Ia 4500
003 OSt
005 20220928111720.0
006 a|||||r|||| 00| 0
007 ta
008 220927b |||||||| |||| 00| 0 eng d
024 _a48507
037 _cTextual
040 _aSDCL
_cSDCL
_beng
041 _2eng
_aeng
082 _aO152,1N412x, N8
100 _aJain Sunita
245 0 _aItna bhar samaya.
260 _aNew Delhi
_bSarthark Prakashan
_c1998
300 _a94p.
_ccm.
942 _hO152,1N412x, N8
_cTEXL
_2CC
999 _c741550
_d741550